1682 1114 1494 1580 1263 1203 1519 1981 1388 1467 1384 1285 1668 1080 1050 1706 1610 1005 1930 1014 1626 1079 1858 1903 1517 1167 1066 1873 1486 1939 1747 1270 1466 1461 1862 1588 1694 1631 1727 1797 1905 1146 1418 1705 1971 1441 1289 1073 1988 1150 1009 1336 1406 1254 1502 1378 1016 1377 1542 1338 1726 1229 1491 1771 1838 1328 1660 1550 1632 1199 1857 1540 1100 1306 2000 1154 1424 1741 1687 1394 1433 1371 1387 1159 1726 1151 1936 1455 1608 1679 1406 1334 1217 1747 1587 1428 1864 1112 1721 BCNSPRNW ULIB Ver.6.0+V

เปลี่ยนเป็นภาษาไทย

Change to English
 แสดงรายละเอียดบรรณานุกรม
  กลับหน้าหลัก

Brief Record : Get Marc (ISO 2709) : E-mail record : QR code < ปิดหน้าต่าง
LEADER : 00000nam 2200000uu 4500
001    13399125023
003     ULIB
008    160529s2558||||th 000 0 tha d
020    ^a9786169232704
060  4 ^aWE250^bก451 ล.2
110 1  มูลนิธิโรคกระดูกพรุนแห่งประเทศไทยฯ
245 00 ^aการดูแลรักษาภาวะกระดูกหักจากโรคกระดูกพรุนแบบองค์รวม 2=^bHolistic Management of Osteoporotic Fractures /^cบรรณาธิการ ทวี ทรงพัฒนาศิลป์.
246 0  ^aHolistic Management of Osteoporotic Fractures
250    ^aพิมพ์ครั้งที่ 1.
260    ^aกรุงเทพฯ :^bมูลนิธิโรคกระดูกพรุนแห่งประเทศไทยฯ,^c2558.
300    ^a2 เล่ม :^bภาพประกอบ
505 0  ^a... ปากมดลูกคืออะไร ... ข้อเท็จจริงเกี่ยวกับมะเร็งปากมดลูก ... ข้อเท็จจริงเกี่ยวกับเชื้อเอชพีวี ... ใครมีความเสี่ยงต่อการเป็นมะเร็งปากมดลูกสูง ... ผู้ที่มีความเสี่ยงต่อการเกิดมะเร็งปากมดลูกน้อย ... อาการอย่างไร...น่าสงสัยว่าจะเป็นมะเร็งปากมดลูก ... การตรวจภายใน ... การวินิจฉัยมะเร็งปากมดลูก ... การพยากรณ์โรค ... การดูแลรัษามะเร็งปากมดลูก ... ไขข้อสงสัย ... การแพทย์แบบผสมผสาน (Complementary Medicine) สำหรับโรคมะเร็งปากมดลูก ... การเตรียมตัวก่อนรับการผ่าตัดรักษาโรคมะเร็งในสตรี ... ผลข้างเคียงของการรักษามะเร็งในสตรี ... การดูแลตนเองหลังผ่าตัดมะเร็งในสตรี ... ผลข้างเคียงของเคมีบำบัดรักษาโรคมะเร็งในสตรี ... ผลข้างเคียงของรังสีรักษา (ฉายแสง) ... รักษาโรคมะเร็งในสตรี ... ผลข้างเคียงของฮอร์โมนบำบัดรักษาโรคมะเร็งในสตรี ... ผลข้างเคียงของภูมิต้านต้านบำบัด (Immunotherapy of Biological Therapies) รักษามะเร็งในสตรี
650  7 ^aกระดูกพรุน, โรค^xการรักษา
650  7 ^aกระดูกหัก^xการรักษา
700 0  ^aทวี ทรงพัฒนาศิลป์,^eบรรณาธิการ
945    ^p1800^l0^i23755
999    ^aทศพร เกษรทอง
รายการนี้ยังไม่มีแท็ก
คุณยังไม่ได้ล็อกอิน คุณสามารถมีกิจกรรมร่วมกับเว็บไซต์ได้ แต่ต้องล็อกอินก่อน ::
  ล็อกอิน

รายการสื่อสารสนเทศ

ลำดับที่ ประเภท เลขเรียก/บาร์โค้ด สถานที่ สถานะ
1. วิทยาศาสตร์การแพทย์ และสุขภาพ
วิทยาศาสตร์การแพทย์ และสุขภาพ
สถานะ=หนังสือเก่า
WE250 ก451 ล.2 ฉ.1 
  Barcode: 23755
ห้องสมุดวิทยาเขตนครสวรรค์
►ส่วนจัดเก็บหนังสือเก่า นว.
บนชั้น
  ขอยืม

BibComment


ยังไม่เคยถูกคอมเมนท์

คอมเมนท์ทรัพยากรรายการนี้
  คอมเมนท์: การดูแลรักษาภาวะ..


 Copyright 2026. Bcnsprnw @Library